Estadísticas para Países por Tasa de Género - Mujeres

Haz click aquí para intentar la prueba.

Estadísticas generales

  • Esta prueba ha sido intentada 751 veces
  • La puntuación promedio es 10 de 18

Estadísticas de respuestas

Tasa de SexoMás MujeresPaís% Correcto
1.1611.1 MRusia
88%
4.96 MEstados Unidos
87%
3.92 MJapón
79%
1.37 MFrancia
78%
3.16 MBrasil
76%
1.26 MAlemania
75%
2.52 MMéxico
75%
1.87 MItalia
70%
1.163.20 MUcrania
62%
1.14Estonia
52%
1.16Letonia
50%
1.16Lituania
50%
1.15Bielorrusia
49%
1.10Hungría
32%
2.48 MBangladés
25%
1.12Nauru
12%
1.11Antigua y Barbuda
9%
1.19Yibuti
9%

Distribución de puntuación

Porcentaje por número respondido

Porcentaje de gente con cada puntuación

Historial de tus puntuaciones

No has intentado esta prueba.